[Event "17. Europa ch Juvenil - Femenino s18"]
[Site "Sibenik CRO"]
[Date "2007.09.15"]
[Round "2.26"]
[White "Tonel, Giulia"]
[Black "Kahancova, Ivana"]
[Result "1-0"]
[WhiteElo "1934"]
[BlackElo "1634"]
[PlyCount "75"]
[EventDate "2007.09.14"]
[EventType "swiss"]
[EventRounds "9"]
[EventCountry "CRO"]
[Source "lmi"]
[SourceDate "2007.09.14"]

1. e4 e6 2. d4 d5 3. Nd2 Nf6 4. e5 Nfd7 5. Bd3 c5 6. c3 Nc6 7. Ne2 cxd4 8. cxd4
f6 9. exf6 Nxf6 10. Nf3 Bd6 11. O-O O-O 12. Bg5 Bd7 13. Bh4 Rc8 14. Bg3 Bxg3
15. hxg3 Qe8 16. Re1 Qh5 17. Nf4 Qg4 18. Qd2 Rfe8 19. Ne5 Nxe5 20. Rxe5 Bc6 21.
Be2 Qf5 22. Rxf5 exf5 23. f3 g6 24. Bd3 Kf7 25. Kf2 Re7 26. Re1 Rec7 27. Ne6
Rd7 28. Qg5 Re7 29. Bxf5 Bd7 30. Qe3 Ree8 31. Bh3 Rc2+ 32. Kf1 Rxb2 33. Qa3 Rd2
34. Nd8+ Kg8 35. Rxe8+ Nxe8 36. Qe7 Bb5+ 37. Kg1 Ng7 38. Qf7+ 1-0

[Event "17. Europa ch Juvenil - Femenino s18"]
[Site "Sibenik CRO"]
[Date "2007.09.15"]
[Round "2.27"]
[White "Naydenova, Yordanka"]
[Black "Martin, Katie A"]
[Result "1-0"]
[WhiteElo "1749"]
[BlackElo "1928"]
[PlyCount "64"]
[EventDate "2007.09.14"]
[EventType "swiss"]
[EventRounds "9"]
[EventCountry "CRO"]
[Source "lmi"]
[SourceDate "2007.09.14"]

1. e4 e5 2. Nf3 Nc6 3. Bc4 Nf6 4. d3 Be7 5. O-O O-O 6. Re1 d6 7. c3 Bg4 8. h3
Bh5 9. Nbd2 a6 10. Bb3 Nd7 11. Nf1 Nc5 12. Bd5 Ne6 13. Ng3 Bg6 14. Be3 Nf4 15.
Bxf4 exf4 16. Ne2 Bg5 17. Bxc6 bxc6 18. Nxg5 Qxg5 19. Qd2 f5 20. Qxf4 Qe7 21.
exf5 Rxf5 22. Qc4+ Qf7 23. Qxc6 Rb8 24. f3 Rxb2 25. Qxa6 h6 26. Rab1 Rxa2 27.
Rb8+ Kh7 28. Qc8 Bh5 29. Nd4 Rf4 30. g4 Rxd4 31. gxh5 Qxh5 32. Qh8+ Kg6 1-0

[Event "17. Europa ch Juvenil - Femenino s18"]
[Site "Sibenik CRO"]
[Date "2007.09.16"]
[Round "3.1"]
[White "Foisor, Sabina-Francesca"]
[Black "Leks, Hanna"]
[Result "1-0"]
[WhiteElo "2346"]
[BlackElo "2232"]
[PlyCount "103"]
[EventDate "2007.09.14"]
[EventType "swiss"]
[EventRounds "9"]
[EventCountry "CRO"]
[Source "lmi"]
[SourceDate "2007.09.14"]

1. d4 d6 2. c4 e5 3. e3 Nd7 4. Nc3 g6 5. Nf3 Bg7 6. Be2 f5 7. dxe5 dxe5 8. e4
f4 9. b3 c6 10. Qd6 Qe7 11. Ba3 Bf8 12. O-O-O Qf7 13. Ng5 Bxd6 14. Rxd6 Qg7 15.
Re6+ Ne7 16. Rxe7+ Qxe7 17. Bxe7 Kxe7 18. b4 a5 19. b5 Nc5 20. Rd1 Be6 21. Nf3
Kf6 22. g3 Rhd8 23. gxf4 Rxd1+ 24. Nxd1 exf4 25. e5+ Ke7 26. bxc6 bxc6 27. Nd4
Bd7 28. Kc2 Ne6 29. Nf3 g5 30. Bd3 h5 31. Nc3 h4 32. Ne4 h3 33. Nf6 c5 34. Bf5
Bc6 35. Nd5+ Kf7 36. Bxh3 Rg8 37. Bg4 Rg7 38. Nd2 Bd7 39. Kc3 Nf8 40. Bh5+ Ng6
41. Ne4 Kf8 42. Bxg6 Rxg6 43. Nxc5 Bf5 44. Nb7 Rh6 45. Nd6 Be6 46. Ne4 Bxd5 47.
cxd5 Rxh2 48. Nxg5 Rxf2 49. a4 Ke7 50. d6+ Ke8 51. e6 Rf1 52. Ne4 1-0

[Event "17. Europa ch Juvenil - Femenino s18"]
[Site "Sibenik CRO"]
[Date "2007.09.16"]
[Round "3.2"]
[White "Daulyte, Deimante"]
[Black "Ohme, Melanie"]
[Result "1/2-1/2"]
[WhiteElo "2216"]
[BlackElo "2278"]
[PlyCount "105"]
[EventDate "2007.09.14"]
[EventType "swiss"]
[EventRounds "9"]
[EventCountry "CRO"]
[Source "lmi"]
[SourceDate "2007.09.14"]

1. e4 c5 2. Nf3 e6 3. d4 cxd4 4. Nxd4 a6 5. Bd3 Bc5 6. Nb3 Ba7 7. Qg4 Nf6 8.
Qg3 d6 9. O-O Nc6 10. Nc3 b5 11. a3 Ne5 12. Be2 Bb7 13. Bf4 Bxe4 14. Bxe5 dxe5
15. Nxe4 Nxe4 16. Qxg7 Qf6 17. Qxf6 Nxf6 18. a4 b4 19. Bxa6 Ke7 20. Be2 Rhc8
21. Rfc1 Rab8 22. Kf1 Rc7 23. a5 Ne4 24. f3 Nf6 25. Bd3 Nd5 26. g3 f5 27. Ke2
h5 28. Nd2 h4 29. Bc4 hxg3 30. hxg3 Rg8 31. Bxd5 exd5 32. Rh1 Rxg3 33. Rh7+ Kd6
34. Rxc7 Kxc7 35. Ra4 Rg2+ 36. Kd1 Rg1+ 37. Ke2 Rg2+ 38. Kd1 e4 39. fxe4 dxe4
40. Rxb4 e3 41. Nf3 Rf2 42. Rf4 Rf1+ 43. Ke2 Rf2+ 44. Kd3 e2 45. Kd2 e1=Q+ 46.
Kxe1 Rxc2 47. b4 Rb2 48. Rxf5 Rxb4 49. Rf7+ Kb8 50. Kd2 Rb5 51. a6 Rb6 52. Rf8+
Kc7 53. Rf7+ 1/2-1/2

[Event "17. Europa ch Juvenil - Femenino s18"]
[Site "Sibenik CRO"]
[Date "2007.09.16"]
[Round "3.3"]
[White "Tarasova, Viktoriya"]
[Black "Kharmunova, Nadejda"]
[Result "1-0"]
[WhiteElo "2249"]
[BlackElo "2177"]
[PlyCount "59"]
[EventDate "2007.09.14"]
[EventType "swiss"]
[EventRounds "9"]
[EventCountry "CRO"]
[Source "lmi"]
[SourceDate "2007.09.14"]

1. d4 f5 2. c4 Nf6 3. Nc3 g6 4. g3 Bg7 5. Bg2 O-O 6. Nh3 d6 7. d5 Na6 8. Nf4
Nc5 9. h4 Nfe4 10. Nxe4 fxe4 11. Rb1 Bf5 12. b4 e3 13. Bxe3 Bc3+ 14. Kf1 Ne4
15. g4 Nd2+ 16. Bxd2 Bxd2 17. Qxd2 Bxb1 18. Ne6 Qe8 19. Qb2 Qf7 20. f4 Bxa2 21.
Qxa2 Rfc8 22. Be4 a5 23. bxa5 Ra6 24. Qd2 b6 25. h5 g5 26. Nxg5 Qf6 27. Bxh7+
Kh8 28. Bf5 Rca8 29. Ne4 Qf7 30. h6 1-0

[Event "17. Europa ch Juvenil - Femenino s18"]
[Site "Sibenik CRO"]
[Date "2007.09.16"]
[Round "3.4"]
[White "Novosadova, Kristyna"]
[Black "Rakic, Marija"]
[Result "1/2-1/2"]
[WhiteElo "2014"]
[BlackElo "2247"]
[PlyCount "93"]
[EventDate "2007.09.14"]
[EventType "swiss"]
[EventRounds "9"]
[EventCountry "CRO"]
[Source "lmi"]
[SourceDate "2007.09.14"]

1. e4 d6 2. d4 Nf6 3. Nc3 g6 4. Be3 e5 5. Nf3 exd4 6. Nxd4 Ng4 7. Bf4 Bg7 8.
Be2 Ne5 9. Qd2 Nbc6 10. Nxc6 Nxc6 11. Bg5 f6 12. Bh6 O-O 13. Bc4+ Kh8 14. O-O-O
Ne5 15. Bxg7+ Kxg7 16. Bb3 a6 17. f4 Nd7 18. h4 Nc5 19. Bc4 Bg4 20. Be2 Bxe2
21. Qxe2 Re8 22. Qf3 Qe7 23. Rhe1 a5 24. Nd5 Qf7 25. Re3 c6 26. Nc3 Rad8 27. g4
b5 28. b3 b4 29. Ne2 a4 30. Nd4 axb3 31. cxb3 Ne6 32. f5 Nxd4 33. Rxd4 Qa7 34.
Rd2 d5 35. Qf4 Qe7 36. Rde2 d4 37. Rd3 c5 38. Kd2 Qe5 39. Qxe5 Rxe5 40. Rf3 h5
41. gxh5 gxf5 42. Rxf5 Rxf5 43. exf5 Rd5 44. Rf2 d3 45. Rg2+ Kh7 46. Rg6 Rxf5
47. Kxd3 1/2-1/2

[Event "17. Europa ch Juvenil - Femenino s18"]
[Site "Sibenik CRO"]
[Date "2007.09.16"]
[Round "3.5"]
[White "Paulet, Iozefina"]
[Black "Van Nies, Pauline"]
[Result "1-0"]
[WhiteElo "2241"]
[BlackElo "2162"]
[PlyCount "121"]
[EventDate "2007.09.14"]
[EventType "swiss"]
[EventRounds "9"]
[EventCountry "CRO"]
[Source "lmi"]
[SourceDate "2007.09.14"]

1. e4 c5 2. Nc3 Nc6 3. Bb5 Nd4 4. Bc4 g6 5. Nf3 Bg7 6. Nxd4 cxd4 7. Qf3 Nh6 8.
Ne2 O-O 9. d3 Ng4 10. Bb3 d6 11. Qg3 e5 12. h4 Nf6 13. f3 Be6 14. Bxe6 fxe6 15.
Qh3 Qe7 16. c3 dxc3 17. bxc3 Nh5 18. g4 Nf4 19. Nxf4 exf4 20. d4 Rac8 21. Bd2
d5 22. e5 Qa3 23. O-O Qe7 24. Rab1 h6 25. Qh2 Qf7 26. Rb4 Rc7 27. a4 g5 28.
Rfb1 Rfc8 29. h5 Bf8 30. Rb5 b6 31. Be1 Qd7 32. a5 bxa5 33. Rxa5 Qh7 34. Rba1
Qd3 35. Qf2 Rb8 36. Qf1 Qe3+ 37. Qf2 Qd3 38. Qf1 Qe3+ 39. Qf2 Qd3 40. R5a2 Rcb7
41. Qe2 Qxe2 42. Rxe2 Rc7 43. Rea2 Rbb7 44. Ra6 Kf7 45. Kf1 Be7 46. Ke2 Bd8 47.
Bd2 Rd7 48. Bc1 Bb6 49. Ba3 Rbc7 50. Kd3 Rd8 51. Bb4 Rdc8 52. R1a3 Rb7 53. Bd6
Rc4 54. Kd2 Rd7 55. Bb8 Rb7 56. Bxa7 Bd8 57. Bc5 Rb2+ 58. Kd1 Rb7 59. Ra7 Rxa7
60. Rxa7+ Ke8 61. Kc2 1-0

[Event "17. Europa ch Juvenil - Femenino s18"]
[Site "Sibenik CRO"]
[Date "2007.09.16"]
[Round "3.6"]
[White "Severiukhina, Zoya"]
[Black "Mader, Manuela"]
[Result "1-0"]
[WhiteElo "2267"]
[BlackElo "2204"]
[PlyCount "109"]
[EventDate "2007.09.14"]
[EventType "swiss"]
[EventRounds "9"]
[EventCountry "CRO"]
[Source "lmi"]
[SourceDate "2007.09.14"]

1. e4 c6 2. d4 d5 3. e5 Bf5 4. Nf3 e6 5. Be2 h6 6. O-O Ne7 7. b3 Ng6 8. c4 h5
9. Na3 h4 10. h3 Nd7 11. Nc2 Ne7 12. Bd3 Bxd3 13. Qxd3 Nf5 14. cxd5 cxd5 15.
Bg5 Be7 16. Bxe7 Nxe7 17. Rac1 Nb8 18. b4 Ng6 19. Ne3 O-O 20. Ng4 a6 21. a3 Nc6
22. Qe3 Qe7 23. Rc5 Rfc8 24. Rfc1 Qd8 25. R1c2 Na7 26. Qc1 Rxc5 27. bxc5 Qa5
28. Qg5 Qxa3 29. Nxh4 Qd3 30. Rd2 Qb1+ 31. Kh2 Kf8 32. Nxg6+ Qxg6 33. Qh4 Re8
34. Rb2 Nb5 35. Rb3 Qe4 36. Qh8+ Ke7 37. Qxg7 Qg6 38. Qf6+ Qxf6 39. exf6+ Kf8
40. Ne5 Rc8 41. Nd7+ Ke8 42. Nb6 Rc7 43. Rg3 Kf8 44. Rg4 Nc3 45. h4 Ne4 46. Rf4
Kg8 47. Na4 e5 48. dxe5 Nxc5 49. Nb6 Nd3 50. Rg4+ Kh8 51. f4 Nf2 52. Rg5 d4 53.
Nd5 d3 54. Rh5+ Kg8 55. Ne7+ 1-0

[Event "17. Europa ch Juvenil - Femenino s18"]
[Site "Sibenik CRO"]
[Date "2007.09.16"]
[Round "3.8"]
[White "Ayrapetyan, Tatevik"]
[Black "Robles Garcia, Claudia"]
[Result "0-1"]
[WhiteElo "2218"]
[BlackElo "2167"]
[PlyCount "86"]
[EventDate "2007.09.14"]
[EventType "swiss"]
[EventRounds "9"]
[EventCountry "CRO"]
[Source "lmi"]
[SourceDate "2007.09.14"]

1. e4 c5 2. Nf3 d6 3. d4 cxd4 4. Nxd4 Nf6 5. Nc3 a6 6. Be3 e5 7. Nb3 Be6 8. f3
Be7 9. Qd2 O-O 10. O-O-O Qc7 11. g4 Rc8 12. g5 Nh5 13. Kb1 Nd7 14. Rg1 Nb6 15.
h4 d5 16. exd5 Nxd5 17. Nxd5 Bxd5 18. Qf2 Qc6 19. Bh3 Re8 20. Nc5 Rad8 21. Bg4
Nf4 22. Nb3 Ne6 23. Bb6 Rd6 24. Ba5 Bd8 25. Qd2 Bxb3 26. Qxd6 Bxc2+ 27. Kc1
Bxd1+ 28. Qxc6 bxc6 29. Bxd8 Bxf3 30. Bb6 Bxg4 31. Rxg4 Rb8 32. Be3 c5 33. Ra4
Rb6 34. a3 f6 35. Rc4 Nd4 36. Kb1 Rb5 37. Bd2 Nb3 38. Bc3 Kf7 39. a4 Rb7 40.
Be1 Ke6 41. Rc3 Kd5 42. Ka2 Nd4 43. Bd2 f5 0-1

[Event "17. Europa ch Juvenil - Femenino s18"]
[Site "Sibenik CRO"]
[Date "2007.09.16"]
[Round "3.10"]
[White "Chierici, Marianna"]
[Black "Yildiz, Betul Cemre"]
[Result "1/2-1/2"]
[WhiteElo "2004"]
[BlackElo "2217"]
[PlyCount "102"]
[EventDate "2007.09.14"]
[EventType "swiss"]
[EventRounds "9"]
[EventCountry "CRO"]
[Source "lmi"]
[SourceDate "2007.09.14"]

1. e4 e5 2. Nf3 Nc6 3. Bc4 Nf6 4. d3 Be7 5. O-O O-O 6. Nc3 d6 7. a3 Be6 8. Nd5
h6 9. Bd2 Qd7 10. b4 Rae8 11. c3 Nd8 12. Be3 c6 13. Nxf6+ Bxf6 14. Bxe6 Nxe6
15. Qb3 a6 16. c4 Bd8 17. c5 Bc7 18. cxd6 Bxd6 19. Rad1 Qc7 20. Rfe1 Rd8 21. g3
c5 22. Rc1 Qe7 23. bxc5 Nxc5 24. Qc2 Ne6 25. a4 Rd7 26. d4 exd4 27. Nxd4 Nxd4
28. Bxd4 Bxg3 29. Bxg7 Bxh2+ 30. Kxh2 Qh4+ 31. Kg2 Kxg7 32. Re3 Rd6 33. Qc3+
Kh7 34. Qc4 Rc6 35. Qf1 Rg8+ 36. Rg3 Qxe4+ 37. Kh3 Rcg6 38. Rcc3 Rg4 39. Rxg4
Qxg4+ 40. Kh2 Qh4+ 41. Rh3 Qf4+ 42. Kh1 Qxa4 43. Rxh6+ Kxh6 44. Qh3+ Kg5 45.
f4+ Kf6 46. Qh4+ Ke6 47. f5+ Kxf5 48. Qxa4 Rg6 49. Qd7+ Kf6 50. Qxb7 Kg7 51.
Kh2 Kg8 1/2-1/2

[Event "17. Europa ch Juvenil - Femenino s18"]
[Site "Sibenik CRO"]
[Date "2007.09.16"]
[Round "3.11"]
[White "Mareckova, Martina"]
[Black "Zhorzholiani, Meri"]
[Result "1/2-1/2"]
[WhiteElo "2003"]
[BlackElo "2110"]
[PlyCount "93"]
[EventDate "2007.09.14"]
[EventType "swiss"]
[EventRounds "9"]
[EventCountry "CRO"]
[Source "lmi"]
[SourceDate "2007.09.14"]

1. e4 c5 2. Ne2 d6 3. g3 Nc6 4. Bg2 g6 5. c3 e5 6. d3 Bg7 7. O-O Nge7 8. h3 O-O
9. f4 f5 10. Nd2 Kh8 11. Nc4 b5 12. Ne3 Rb8 13. Kh2 Qc7 14. Nd5 Nxd5 15. exd5
Ne7 16. Rb1 Rd8 17. c4 Ba6 18. Qc2 Bc8 19. b3 a5 20. Nc3 Bd7 21. Bb2 Rb6 22.
Rfe1 bxc4 23. bxc4 Rdb8 24. a4 Ng8 25. Nb5 Bxb5 26. axb5 exf4 27. gxf4 Ra8 28.
Re6 a4 29. Ra1 Bxb2 30. Qxb2+ Qg7 31. Qxg7+ Kxg7 32. Ra3 Nf6 33. Bf3 Kf7 34.
Bd1 Nd7 35. Rxa4 Rxa4 36. Bxa4 Nf8 37. Re2 Rb7 38. Bb3 Ra7 39. Kg2 Ra3 40. Rb2
Nd7 41. Kf3 Kf6 42. h4 h6 43. Ke3 g5 44. hxg5+ hxg5 45. fxg5+ Kxg5 46. Rg2+ Kf6
47. Bc2 1/2-1/2

[Event "17. Europa ch Juvenil - Femenino s18"]
[Site "Sibenik CRO"]
[Date "2007.09.16"]
[Round "3.12"]
[White "Orlyanskaya, Darya"]
[Black "Somova, Nadezda"]
[Result "1-0"]
[WhiteElo "2092"]
[BlackElo "1963"]
[PlyCount "79"]
[EventDate "2007.09.14"]
[EventType "swiss"]
[EventRounds "9"]
[EventCountry "CRO"]
[Source "lmi"]
[SourceDate "2007.09.14"]

1. e4 c6 2. d4 d5 3. exd5 cxd5 4. c4 e6 5. Nc3 Nf6 6. c5 Be7 7. Nf3 O-O 8. Bd3
b6 9. b4 a5 10. Na4 Nbd7 11. c6 Bxb4+ 12. Bd2 Nb8 13. Rc1 Qc7 14. O-O Ba6 15.
Bxa6 Nxa6 16. Bxb4 axb4 17. Ne5 b5 18. Nc5 Nxc5 19. Rxc5 Rfb8 20. Qe2 Ne4 21.
Rxb5 Nc3 22. Rxb8+ Qxb8 23. Qb2 Rxa2 24. Qb3 Ra8 25. Re1 Ne2+ 26. Kh1 Nxd4 27.
Qb2 Qb6 28. Ra1 Rc8 29. c7 Nc6 30. Nxc6 Qxc6 31. Qxb4 Qxc7 32. g3 h6 33. f4 Qc3
34. Qxc3 Rxc3 35. Kg1 Rc2 36. h4 f6 37. Ra8+ Kh7 38. h5 d4 39. Kf1 Rc5 40. g4
1-0

[Event "17. Europa ch Juvenil - Femenino s18"]
[Site "Sibenik CRO"]
[Date "2007.09.16"]
[Round "3.13"]
[White "Tonel, Giulia"]
[Black "Gosciniak, Maria"]
[Result "1/2-1/2"]
[WhiteElo "1934"]
[BlackElo "2076"]
[PlyCount "108"]
[EventDate "2007.09.14"]
[EventType "swiss"]
[EventRounds "9"]
[EventCountry "CRO"]
[Source "lmi"]
[SourceDate "2007.09.14"]

1. e4 c6 2. d4 d5 3. Nd2 g6 4. c3 Bg7 5. Bd3 Nd7 6. Ngf3 dxe4 7. Nxe4 Ngf6 8.
Ng3 O-O 9. O-O c5 10. Re1 cxd4 11. cxd4 Nd5 12. h4 N7f6 13. Ne5 Bd7 14. h5 Be8
15. hxg6 hxg6 16. Be3 Nb4 17. Bc4 Nc6 18. Nxg6 Na5 19. Bb3 Nxb3 20. Qxb3 Ba4
21. Nxe7+ Qxe7 22. Qxa4 Ng4 23. Qb5 Qh4 24. Qh5 Qxh5 25. Nxh5 Bh8 26. Rad1 Rad8
27. Ng3 Rd5 28. Ne4 Rfd8 29. Nc3 R5d7 30. Bg5 Rc8 31. Re4 Nf6 32. Rh4 Nd5 33.
Ne4 Rc2 34. Nc5 Rc7 35. Rg4 f5 36. Rg3 Kf7 37. Rf3 Kg6 38. Be3 Rxb2 39. Rg3+
Kf7 40. Rh3 Bg7 41. a3 b6 42. Nd3 Ra2 43. Ne5+ Ke6 44. Ng6 Rxa3 45. Nf4+ Nxf4
46. Bxf4 Rxh3 47. d5+ Kd7 48. gxh3 Rc4 49. Bb8 a5 50. Kg2 a4 51. Kg3 a3 52. f4
Re4 53. Kf3 a2 54. Be5 Rxe5 1/2-1/2

[Event "17. Europa ch Juvenil - Femenino s18"]
[Site "Sibenik CRO"]
[Date "2007.09.16"]
[Round "3.14"]
[White "Virag, Csilla"]
[Black "Steil-Antoni, Fiona"]
[Result "0-1"]
[WhiteElo "1892"]
[BlackElo "2065"]
[PlyCount "110"]
[EventDate "2007.09.14"]
[EventType "swiss"]
[EventRounds "9"]
[EventCountry "CRO"]
[Source "lmi"]
[SourceDate "2007.09.14"]

1. e4 e5 2. Nf3 Nc6 3. Bb5 a6 4. Ba4 Nf6 5. Qe2 b5 6. Bb3 Be7 7. O-O d6 8. c3
O-O 9. Rd1 Na5 10. Bc2 c5 11. d4 Qc7 12. d5 Bd7 13. Nbd2 c4 14. Nf1 Nb7 15. Bd2
Nc5 16. b4 Nb7 17. Ng3 a5 18. a3 Ra6 19. Rac1 Rfa8 20. Nh4 axb4 21. axb4 Nxd5
22. exd5 Bxh4 23. Qh5 Bf6 24. Qxh7+ Kf8 25. Nh5 Bg4 26. Re1 Bxh5 27. Qxh5 g6
28. Qg4 Ra2 29. Red1 Qc8 30. Qf3 Qd8 31. Qg4 Kg7 32. g3 Qc8 33. Qf3 Qh8 34. h4
Bd8 35. Qg4 Qh5 36. Qxh5 gxh5 37. Be4 Bb6 38. Bf3 Kg6 39. Be1 f5 40. Rd2 Nd8
41. Rcc2 Rxc2 42. Rxc2 Ra1 43. Kf1 Nf7 44. Be2 e4 45. f3 Ne5 46. fxe4 fxe4 47.
Rd2 Nd3 48. Rd1 Ra2 49. Rd2 Ra3 50. g4 hxg4 51. Bxg4 Rxc3 52. Re2 Rc1 53. Rxe4
Bf2 54. Re6+ Kg7 55. Bf5 Bxe1 0-1

[Event "17. Europa ch Juvenil - Femenino s18"]
[Site "Sibenik CRO"]
[Date "2007.09.16"]
[Round "3.15"]
[White "Kalashyan, Varduhi"]
[Black "Misovic, Sanja"]
[Result "1-0"]
[WhiteElo "2059"]
[BlackElo "1872"]
[PlyCount "52"]
[EventDate "2007.09.14"]
[EventType "swiss"]
[EventRounds "9"]
[EventCountry "CRO"]
[Source "lmi"]
[SourceDate "2007.09.14"]

1. d4 Nf6 2. c4 e6 3. Nf3 b6 4. g3 Ba6 5. b3 b5 6. Nbd2 Bb4 7. Qc2 bxc4 8. bxc4
c5 9. Bg2 Nc6 10. dxc5 Bxc5 11. O-O Qc7 12. Bb2 Be7 13. Rac1 O-O 14. Ng5 e5 15.
Qf5 h6 16. Nge4 Rab8 17. Nxf6+ Bxf6 18. Be4 Rfe8 19. Qh7+ Kf8 20. Ba3+ d6 21.
Bd5 Nd4 22. Rfe1 Ne6 23. c5 Nxc5 24. Ne4 Qa5 25. Nxf6 Ne6 26. Bxe6 fxe6 1-0

[Event "17. Europa ch Juvenil - Femenino s18"]
[Site "Sibenik CRO"]
[Date "2007.09.16"]
[Round "3.17"]
[White "Juciute, Einora"]
[Black "Kruljac, Petra"]
[Result "0-1"]
[WhiteElo "1758"]
[BlackElo "2054"]
[PlyCount "50"]
[EventDate "2007.09.14"]
[EventType "swiss"]
[EventRounds "9"]
[EventCountry "CRO"]
[Source "lmi"]
[SourceDate "2007.09.14"]

1. e4 e6 2. Nf3 d5 3. Nc3 Nf6 4. e5 Nfd7 5. d4 c5 6. dxc5 Nc6 7. Bf4 Nxc5 8.
Be2 Be7 9. O-O g5 10. Bg3 h5 11. h3 Qb6 12. Nb5 Ne4 13. Bh2 g4 14. hxg4 hxg4
15. Nfd4 g3 16. Bxg3 Nxg3 17. fxg3 a6 18. Bh5 axb5 19. Rxf7 Kd8 20. c3 Nxe5 21.
Rxe7 Kxe7 22. Qe2 Nc6 23. Rf1 Nxd4 24. Rf7+ Kd6 25. cxd4 Qxd4+ 0-1

[Event "17. Europa ch Juvenil - Femenino s18"]
[Site "Sibenik CRO"]
[Date "2007.09.16"]
[Round "3.18"]
[White "Ikonomopoulou, Maria"]
[Black "Naydenova, Yordanka"]
[Result "1-0"]
[WhiteElo "2029"]
[BlackElo "1749"]
[PlyCount "57"]
[EventDate "2007.09.14"]
[EventType "swiss"]
[EventRounds "9"]
[EventCountry "CRO"]
[Source "lmi"]
[SourceDate "2007.09.14"]

1. e4 e5 2. Nf3 Nc6 3. d4 exd4 4. c3 d5 5. exd5 Qxd5 6. cxd4 Bg4 7. Be2 Bb4+ 8.
Nc3 Qd7 9. O-O O-O-O 10. Qb3 Ba5 11. Be3 Nf6 12. Rfd1 Nd5 13. Na4 Qe7 14. Rac1
Bb6 15. Nxb6+ axb6 16. Rd3 Na5 17. Qd1 Bf5 18. Ra3 f6 19. Bd2 Nc6 20. Bb5 Kd7
21. Ra7 Rb8 22. Qa4 Qd6 23. Rxb7 Nde7 24. Rxb8 Rxb8 25. Bb4 Qf4 26. Bxc6+ Nxc6
27. Qxc6+ Kd8 28. Re1 Bd7 29. Qd5 1-0

[Event "17. Europa ch Juvenil - Femenino s18"]
[Site "Sibenik CRO"]
[Date "2007.09.16"]
[Round "3.20"]
[White "Cucarella Montell, Angels"]
[Black "Gunina, Valentina"]
[Result "0-1"]
[WhiteElo "1921"]
[BlackElo "2361"]
[PlyCount "76"]
[EventDate "2007.09.14"]
[EventType "swiss"]
[EventRounds "9"]
[EventCountry "CRO"]
[Source "lmi"]
[SourceDate "2007.09.14"]

1. e4 c6 2. d4 d5 3. e5 Bf5 4. c4 e6 5. Nc3 Nd7 6. a3 dxc4 7. Bxc4 Nb6 8. Bb3
Ne7 9. Nge2 Qd7 10. Nf4 O-O-O 11. Be3 Kb8 12. O-O Bg6 13. Qe2 Nf5 14. Rfd1 Be7
15. a4 a6 16. Rac1 Qe8 17. Bc2 Rd7 18. a5 Na8 19. Qc4 Qd8 20. b4 Qf8 21. Na2
Nc7 22. Ba4 Nxe3 23. fxe3 Bg5 24. Qf1 Bxf4 25. exf4 Nd5 26. Rd2 Nxb4 27. Qc4
Nxa2 28. Rxa2 Be4 29. Rb2 Ka8 30. Rb6 Qa3 31. Rc3 Qa1+ 32. Kf2 Rhd8 33. Rxa6+
Kb8 34. Rxc6 Qb2+ 35. Ke3 Bxc6 36. Bxc6 Rxd4 37. Qb3 Qd2+ 38. Kf3 Qxf4+ 0-1

[Event "17. Europa ch Juvenil - Femenino s18"]
[Site "Sibenik CRO"]
[Date "2007.09.16"]
[Round "3.21"]
[White "Vasile, Teodora"]
[Black "Homiakova, Ekaterina"]
[Result "0-1"]
[WhiteElo "1922"]
[BlackElo "2089"]
[PlyCount "84"]
[EventDate "2007.09.14"]
[EventType "swiss"]
[EventRounds "9"]
[EventCountry "CRO"]
[Source "lmi"]
[SourceDate "2007.09.14"]

1. e4 c5 2. Nc3 e6 3. g3 d5 4. exd5 exd5 5. Bg2 Nf6 6. Nge2 d4 7. Ne4 Nxe4 8.
Bxe4 Nd7 9. d3 Nf6 10. Bg2 Be7 11. O-O O-O 12. Re1 Re8 13. c3 dxc3 14. bxc3 Nd5
15. Qc2 Bf6 16. Bb2 Bg4 17. Be4 Rc8 18. a3 Qd7 19. c4 Bxb2 20. Qxb2 Nf6 21.
Qxb7 Nxe4 22. Qxd7 Bxd7 23. dxe4 Rxe4 24. Rad1 Bg4 25. Nc3 Rxc4 26. Rc1 Be6 27.
Re4 Rxe4 28. Nxe4 c4 29. Kf1 Kf8 30. Ke2 Ke7 31. Ng5 Bf5 32. Kd2 Kf6 33. Nf3
Rd8+ 34. Ke1 Bd3 35. Nd2 Rc8 36. f4 Kf5 37. Nf3 f6 38. h3 Ke4 39. Kf2 Rc7 40.
Re1+ Kd5 41. g4 Rb7 42. h4 Rb2+ 0-1

[Event "17. Europa ch Juvenil - Femenino s18"]
[Site "Sibenik CRO"]
[Date "2007.09.16"]
[Round "3.22"]
[White "Brankov, Kristina"]
[Black "Sobierska, Wioletta"]
[Result "0-1"]
[WhiteElo "1918"]
[BlackElo "2012"]
[PlyCount "46"]
[EventDate "2007.09.14"]
[EventType "swiss"]
[EventRounds "9"]
[EventCountry "CRO"]
[Source "lmi"]
[SourceDate "2007.09.14"]

1. e4 g6 2. d4 Bg7 3. Nf3 c6 4. Nc3 d5 5. exd5 cxd5 6. Bb5+ Nc6 7. h3 Nf6 8.
Ne5 Qb6 9. O-O O-O 10. Nxc6 bxc6 11. Ba4 Bf5 12. Ne2 Ne4 13. c3 Rad8 14. Bc2 e5
15. dxe5 Bxe5 16. Bxe4 Bxe4 17. Bh6 Rfe8 18. Qd2 c5 19. f4 Kh8 20. Rad1 d4 21.
cxd4 cxd4 22. Kh1 Qe6 23. b3 Qxh3+ 0-1

[Event "17. Europa ch Juvenil - Femenino s18"]
[Site "Sibenik CRO"]
[Date "2007.09.16"]
[Round "3.23"]
[White "Le Bail, Clara"]
[Black "Nadvesnik, Maja"]
[Result "0-1"]
[WhiteElo "1981"]
[BlackElo "1791"]
[PlyCount "170"]
[EventDate "2007.09.14"]
[EventType "swiss"]
[EventRounds "9"]
[EventCountry "CRO"]
[Source "lmi"]
[SourceDate "2007.09.14"]

1. e4 e5 2. Nc3 Nf6 3. g3 d5 4. exd5 Nxd5 5. Bg2 Nb6 6. Qe2 Bd6 7. d3 O-O 8.
Nf3 Nc6 9. Bg5 f6 10. Be3 Re8 11. O-O Bg4 12. Qd2 Qd7 13. Ne4 Rad8 14. Nxd6
cxd6 15. Nh4 Nc8 16. Bd5+ Kh8 17. f3 Bh3 18. Rf2 N8e7 19. Bf7 Rf8 20. Bb3 d5
21. d4 Nf5 22. Nxf5 Bxf5 23. dxe5 d4 24. Bf4 fxe5 25. Bg5 Rde8 26. g4 Bg6 27.
h3 Qc7 28. Bh4 Na5 29. Ba4 Rc8 30. Qb4 Nc6 31. Qd2 Na5 32. Qb4 Nc6 33. Qe1 Rce8
34. Bg3 a6 35. Rd1 b5 36. Bb3 Qb6 37. Kh2 a5 38. Bd5 Nb4 39. Be4 Nxa2 40. Bxg6
hxg6 41. Bxe5 d3 42. Rdd2 dxc2 43. Rxc2 Nb4 44. Rcd2 Nd3 45. Rxd3 Rxe5 46. Re2
Rxe2+ 47. Qxe2 Qb8+ 48. Kg2 b4 49. Rd5 Re8 50. Qd3 Qc7 51. h4 Qc1 52. Qd2 Qxd2+
53. Rxd2 Re5 54. Kf2 g5 55. hxg5 Rxg5 56. Ke3 Kg8 57. b3 Rc5 58. Kd4 Rc3 59.
Rd3 Rc2 60. Ke5 Rc3 61. Kd4 Rc2 62. Re3 Kf7 63. f4 Rg2 64. g5 Rf2 65. Ke5 Rd2
66. f5 Rf2 67. g6+ Ke7 68. Kd5+ Kf6 69. Kc4 Rxf5 70. Rg3 Rg5 71. Rxg5 Kxg5 72.
Kb5 Kxg6 73. Kxa5 Kf6 74. Kxb4 g5 75. Ka5 g4 76. b4 g3 77. b5 g2 78. Ka6 g1=Q
79. b6 Qa1+ 80. Kb7 Ke7 81. Kc7 Qc3+ 82. Kb8 Kd6 83. b7 Kc6 84. Ka8 Qa5+ 85.
Kb8 Qa6 0-1

[Event "17. Europa ch Juvenil - Femenino s18"]
[Site "Sibenik CRO"]
[Date "2007.09.16"]
[Round "3.24"]
[White "Altunkeser, Gozde"]
[Black "Kaniak, Monika"]
[Result "0-1"]
[WhiteElo "1913"]
[BlackElo "1950"]
[PlyCount "90"]
[EventDate "2007.09.14"]
[EventType "swiss"]
[EventRounds "9"]
[EventCountry "CRO"]
[Source "lmi"]
[SourceDate "2007.09.14"]

1. e4 e6 2. d4 d5 3. e5 c5 4. c3 Nc6 5. Nf3 Bd7 6. a3 f6 7. exf6 Nxf6 8. Bd3
cxd4 9. cxd4 Bd6 10. Nc3 a6 11. Bg5 O-O 12. O-O Qc7 13. Bh4 Rae8 14. Rc1 Bf4
15. Rc2 g6 16. Ne2 Bh6 17. Re1 Qb6 18. Bg3 Nh5 19. b4 Nxg3 20. hxg3 e5 21. dxe5
Nxe5 22. Rc5 Rxf3 23. gxf3 Nxf3+ 24. Kg2 Nxe1+ 25. Qxe1 Qe6 26. Qh1 Bf8 27. Nf4
Qe5 28. Rc2 Qg7 29. Be2 Bf5 30. Rd2 Qc3 31. Qd1 Bh6 32. Rd4 Bg7 33. Rd2 Qxa3
34. Nxd5 Be4+ 35. Kg1 Bxd5 36. Rxd5 Qxb4 37. Rd8 Kf8 38. Rd7 Bf6 39. Qd5 Re7
40. Rd8+ Kg7 41. Rg8+ Kh6 42. Qh1+ Bh4 43. Bf1 Re4 44. Rd8 Kg7 45. g4 Rxg4+ 0-1